Soziale Rundschau

Uložené v:
Podrobná bibliografia
Médium: Seriál
Jazyk:German
Vydavateľské údaje: Wien Handelsministerium 1910
Tagy: Pridať tag
Žiadne tagy, Buďte prvý, kto otaguje tento záznam!

MARC

LEADER 00000nas2a2200000$$$4500
001 0020697
005 20250730114408.9
041 0 |a ger 
044 |a AT 
245 1 0 |a Soziale Rundschau 
264 1 |a Wien  |b Handelsministerium  |c 1910 
300 |a 1 zv. 
773 0 |w eu_un_cat*0020686